000 00673nam a2200241Ia 4500
003 OSt
005 20220918195943.0
006 a|||||r|||| 00| 0
007 ta
008 220917b |||||||| |||| 00| 0 eng d
024 _a86,844
037 _cTextual
040 _aARTS
_cARTS
_beng
041 _2eng
_aeng
082 _aT2:3:Y, K9
110 _aNational council of educational research and training (N.Delhi)
_990720
245 0 _aNational and the school
260 _c1969
650 _aEDUCATION
700 _aNational council of educational research and training (N.Delhi)
_990721
942 _hT2:3:Y, K9
_cTEXL
_2CC
999 _c210541
_d210541